000 00653nam a22002297a 4500
001 BD-DhSAU 536
003 BD-DhSAU
005 20150104195822.0
008 150104b1984 ii a|||| |||| 000 0 eng d
020 _a8120401557
040 _cBD-DhSAU
082 _222
_a633.8
_bSRP
100 _aSrivastava, H.C. [et.al]
245 _aPulse production :
_bconstraints and opportunities /
260 _aNew Delhi :
_bOxford & IBH Publishing Co. Pvt. Ltd. ;
_c1984.
300 _axix, 493 p. :
_bill. ;
_c24 cm.
590 _ajoy
650 _aAgronomy.
650 _aPulse
_xproduction.
700 _aMenon, K.K.G. [editor]
700 _abhaskaran, S. [editor]
942 _2ddc
_cBOOK
999 _c536
_d536